000 00979nam a22002057a 4500
005 20100818105822.0
010 _aHIN-90195
020 _c300.00
_a8177210475
035 _aHN-62541
037 _bDBAD / PUB
082 _a954.083
100 _aरूपनारायण
_914818
245 _aस्वाधीनता संग्राम के सुनहरे प्रसंग /
_cरूपनारायण
246 _aSwadheenata Sangram ke Sunahare Prasang
_bby Roop Narain
260 _aदिल्ली
_bसत्साहित्य प्रकाशन
_c2010
270 _a205-बी, चावड़ी बाजार
_bदिल्ली
_e110006
300 _a244पृ.
_c22सेमी (सजिल्द)
942 _2ddc
_cHN
_h954.083
_mरूपना
999 _c42437
_d42437